Sports Quiz

Random Sports or Baseball Quiz

MLB League Leaders in Plate Appearances Since 2000 Quiz Stats

 Plays Quiz not verified by Sporcle

Also try: NHL Vezina Trophy
Challenge
Share
Tweet
Embed
Score 0/26 Timer 04:00
0 Plays Today
Year League Answer % Correct
2012 ALDerek Jeter
100%
2010 ALDerek Jeter
100%
2005 ALDerek Jeter
100%
2006 NLJimmy Rollins
97.4%
2007 NLJimmy Rollins
97.4%
2009 NLJimmy Rollins
97.4%
2008 ALIchiro Suzuki
96.9%
2006 ALIchiro Suzuki
96.9%
2004 ALIchiro Suzuki
96.9%
2001 ALIchiro Suzuki
96.9%
2005 NLJose Reyes
95.2%
2008 NLJose Reyes
95.2%
2012 NLJose Reyes
95.2%
Year League Answer % Correct
2011 ALJacoby Ellsbury
92.5%
2000 NLAndruw Jones
83.3%
2003 NLJuan Pierre
83.3%
2004 NLJuan Pierre
83.3%
2007 ALGrady Sizemore
79.4%
2010 NLRickie Weeks
78.9%
2002 NLVladimir Guerrero
78.1%
2001 NLLuis Gonzalez
74.6%
2011 NLMichael Bourn
71.9%
2002 ALAlfonso Soriano
69.3%
2009 ALAaron Hill
65.8%
2000 ALDarin Erstad
64.9%
2003 ALVernon Wells
60.1%

You're not logged in!

Compare scores with friends on all Sporcle quizzes.
OR
Log In

You Might Also Like...

Show Comments

Extras

Top Quizzes Today


Score Distribution

Your Account Isn't Verified!

In order to create a playlist on Sporcle, you need to verify the email address you used during registration. Go to your Sporcle Settings to finish the process.

Report this User

Report this user for behavior that violates our Community Guidelines.

Details: